| 000 | 00891nam a22002777a 4500 | ||
|---|---|---|---|
| 001 | 7079 | ||
| 003 | FISKH | ||
| 005 | 20260309093505.0 | ||
| 008 | 250620b cb ||||| |||| 00| 0 eng d | ||
| 020 | _a9780545471121 | ||
| 040 |
_aFISKH _beng _cFISKH _dFISKH |
||
| 050 | _aQK644 .K79 | ||
| 082 | _a581.4 | ||
| 100 | _aKudlinski, Kathleen V. | ||
| 245 |
_aWhat do roots do? _cby Kathleen V. Kudlinski ; illustrated by David Schuppert |
||
| 260 |
_aNew York ; _bScholastic, _c2005. |
||
| 300 |
_a32 unnumbered pages : _bcolor illustrations ; _c28 cm |
||
| 505 | _aN | ||
| 520 | _aDiscusses different types of roots, how they affect plants, and which ones we eat. | ||
| 521 | 8 |
_a570
_bLexile |
|
| 521 | 8 |
_aN
_bRaz-Plus |
|
| 650 |
_aPlants _vAwalk in the woods _xRoots _yGrowing Plants |
||
| 700 |
_aSchuppert, David _eillustrator |
||
| 942 |
_2ddc _cBK _n0 |
||
| 999 |
_c7079 _d7079 |
||